| 000 | 00723nam a2200289Ia 4500 | ||
|---|---|---|---|
| 005 | 20260324150020.0 | ||
| 008 | 008 260324s9999 xx 000 0 eng d | ||
| 020 | _a9781315204406 | ||
| 037 | _aEBOOK | ||
| 040 | _aCRL | ||
| 040 | _beng | ||
| 040 | _cCRL | ||
| 041 | _2eng | ||
| 041 | _aeng | ||
| 084 | _qCRL | ||
| 100 |
_aEmanuel Benjamin Ocran, Jr. _91224969 |
||
| 245 | 0 | _aTransportation Costs and Costing, 1917-1973 | |
| 245 | 2 | _bA Selected Annotated Chronological Bibliography | |
| 260 | _bTaylor and Francis | ||
| 260 | _c1975 | ||
| 365 | _a | ||
| 365 | _b360 | ||
| 856 | _uhttp://www.taylorfrancis.com/books/9781315204406 | ||
| 942 | _cEBOOK | ||
| 999 |
_c1833715 _d1833715 |
||